000 00349nam a2200133 i 4500
001 bg
100 1 _aPODGÓRSKI, Jerzy
245 0 _aOgólny warunek stanu granicznego dla materiałów izotropowych /
_cJerzy Pogórski.
260 _aWarszawa,
_c1983.
040 _cBPK
041 _apol
942 _cKS
008 s pl f |000 0 pol
999 _c22178
_d22178
856 _uhttp://koha.tu.koszalin.pl/cgi-bin/koha/opac-detail.pl?biblionumber=22178
_yKatalog online BPK